000 00886nam a22002177a 4500
999 _c12575
_d12575
003 AR-CdUCM
008 190409b ||||| |||| 00| 0 spa d
040 _aMUNICIPALIDAD PROVINCIAL DEL CUSCO
_cBIBLIOTECA MUNICIPAL DEL CUSCO
082 _a376.3063 /
_bAN532 / 1957
110 _aCongreso Nacional de maestros primarios
_930467
245 _aAnales del primer Congreso Nacional de Maestros Primarios del Perú :
_bacuerdos, conclusiones y recomendaciones /
260 _aLima :
_bSud América,
_c1957.
300 _a210 páginas ;
_bFotografías,
_c23 cm.
500 _aEdición especial preparada por un grupo de maestros residentes en Lima.
505 _aContenido: Planteamientos y ponencias.
650 _aPlanteamientos y ponencias
_930468
650 _aCongreso educación primaria
_930469
650 _aLima Perú
_923155
942 _2ddc
_cLIBROS
945 _adavv
_d09/04/2019